Amberes /

Un policía perdido entre Castelldefels y Barcelona, una pelirroja de la que todos hablan pero nadie ha visto, un vagabundo jorobado que vive en un bosque, un asesinato congelado en la memoria de unos pocos, escenas sadomasoquistas que aparecen como relámpagos... Una novela que transcurre a orillas d...

Full description

Bibliographic Details
Main Author: Bolaño, Roberto 1953-2003
Format: Libro
Language:Spanish
Published: Barcelona Anagrama 2009
Edition:4a ed.
Subjects:
Online Access:

MARC

LEADER 00000cam a2200000 a 4500
001 028277
003 UAHC_CL
005 20170803122921.0
008 111229s2009 sp 000 spa
020 |a 9788433968326 
040 |a UAHC_CL  |c UAHC_CL  |d UAHC_CL 
082 0 4 |a Ch863  |b B687  |2 21 
100 1 |a Bolaño, Roberto  |d 1953-2003 
245 1 0 |a Amberes /  |c Roberto Bolaño. 
250 |a 4a ed. 
260 |b Anagrama  |a Barcelona  |c 2009 
300 |a 119 p. 
520 |a Un policía perdido entre Castelldefels y Barcelona, una pelirroja de la que todos hablan pero nadie ha visto, un vagabundo jorobado que vive en un bosque, un asesinato congelado en la memoria de unos pocos, escenas sadomasoquistas que aparecen como relámpagos... Una novela que transcurre a orillas de un mar desierto, durante un largo otoño y que es una nueva muestra del prodigioso talento narrativo de Roberto Bolaño. 
650 4 |a NOVELAS CHILENAS 
900 |a Ch863 BOLS 
942 |c BK 
952 |0 0  |1 0  |4 0  |6 CH_863_000000000000000_BOLS  |7 0  |8 General  |9 56035  |a BC  |b BC  |c General  |d 2017-08-03  |l 1  |m 1  |o Ch863 BOLS  |p 1390070  |r 2025-11-26 00:00:00  |s 2019-06-28  |t 1  |w 2017-08-03  |y BK 
999 |c 28277  |d 28277